000 00698cam a2200253 4500500
005 20260405002708.0
041 _afre
042 _adc
100 1 0 _aEnjalbert, Cédric
_eauthor
245 0 0 _aBeaux-Arts martiaux
260 _c2018.
500 _a16
690 _aBeaux-Arts
690 _aÉric de Chassey
690 _aExposition
690 _aGuy Debord
690 _aImage
690 _aLutte
690 _aMai 68
690 _aPhilippe Artières
690 _aSituationnisme
786 0 _nPhilosophie magazine | 118 | 4 | 2018-04-01 | p. 66-66 | 1951-1787
856 4 1 _uhttps://shs.cairn.info/magazine-philosophie-magazine-2018-4-page-66?lang=fr&redirect-ssocas=7080
999 _c2060172
_d2060172